Furniture Quiz - Statistics

General Stats
  • This quiz has been taken 84 times
  • The average score is 18 of 24
Answer Stats
Picture Answer % Correct
Chair
100%
Table
97%
Bed
92%
Door
92%
Toilet
92%
Washing Machine
88%
Lamp
86%
Oven
86%
Dishwasher
84%
Pillow
84%
Mirror
83%
Shower
81%
Sink
80%
Bathtub
78%
Couch
75%
Tv
75%
Rug
73%
Refrigerator
70%
Counter
64%
Picture Frame
63%
Blanket
58%
Dresser
52%
Barstool
36%
Barsoap
16%
No matching quizzes found
Score Distribution
Percent of People with Each Score
Percentile by Number Answered
Your Score History
You have not taken this quiz